书目信息 |
| 题名: |
教育的思考
|
|
| 作者: | 吴福生 著 | |
| 分册: | ||
| 出版信息: | 西安 陕西人民教育出版社 1987.6 |
|
| 页数: | 179页 | |
| 开本: | 19厘米 | |
| 丛书名: | ||
| 单 册: | ||
| 中图分类: | G521 , G4 | |
| 科图分类: | ||
| 主题词: | 教育 | |
| 电子资源: | ||
| ISBN: | ||
| 000 | 00635nam0 2200241 45 | |
| 001 | 1536959036 | |
| 005 | 20150118101712.51 | |
| 010 | @dCNY1.20 | |
| 020 | @aCN@b89023946 | |
| 100 | @a19910905d1987 m y0chiy0120 ea | |
| 101 | 0 | @achi |
| 102 | @aCN@b610000 | |
| 105 | @ay z 000yy | |
| 200 | 10 | @a教育的思考@Ajiao yu de si kao@f吴福生著@Fwu fu sheng zhu |
| 210 | @a西安@c陕西人民教育出版社@d1987.6 | |
| 215 | @a179页@d19厘米 | |
| 540 | 1 | @a教育 思考@Ajiao yu si kao |
| 606 | 0 | @a教育 |
| 690 | @aG521@v1980 | |
| 690 | @aG4@v4 | |
| 701 | 0 | @a吴福生@Awu fu sheng@4著 |
| 801 | 0 | @aCN@bTSSF@c20150118 |
| 905 | @aZUCC@dG4@eJY207 | |
| 教育的思考/吴福生著.-西安:陕西人民教育出版社,1987.6 |
| 179页;19厘米 |
| ISBN :CNY1.20 |
| ● |
| 相关链接 |
|
|
|
|
正题名:教育的思考
索取号:G4/JY207
 
预约/预借
| 序号 | 登录号 | 条形码 | 馆藏地/架位号 | 状态 | 备注 |
| 1 | 7852771 | 278527710 | 学院路分馆/ [索取号:G4/JY207] | 在馆 | |
| 2 | 7852772 | 278527729 | 学院路分馆/ [索取号:G4/JY207] | 在馆 | |
| 3 | 7852773 | 278527738 | 学院路分馆/ [索取号:G4/JY207] | 在馆 | |
| 4 | 7852774 | 278527747 | 学院路分馆/ [索取号:G4/JY207] | 在馆 |